| 000 | 00472cam a2200181 4500 | ||
|---|---|---|---|
| 001 | D2604 | ||
| 008 | 090401t xxu||||| |||| 00| 0 eng d | ||
| 035 | _a(Sirsi) u69850 | ||
| 041 | _aeng | ||
| 050 | _a333.00601 | ||
| 110 |
_aCommonwealth Association of Surveying and Land Economy _92570 |
||
| 245 | _aFourth general assembley Ottowa, Canada 14-19 September 1981 | ||
| 260 |
_aLondon _bCASLE |
||
| 300 | _a31p. 30cm | ||
| 350 | _a0 | ||
| 942 | _n0 | ||
| 948 | _c04/03/1997 | ||
| 999 |
_c95242 _d95242 |
||